Statistics for Geographic Straight Lines # 3

Click here to take the quiz!

General Stats

  • This quiz has been taken 30 times
    (26 since last reset)
  • The average score is 8 of 9

Answer Stats

Answer% Correct
Azerbaijan
100%
Russia
92%
Ukraine
92%
Netherlands
88%
Belgium
88%
Germany
85%
Poland
81%
Czech Republic
81%
Moldova
73%

Score Distribution

Percentile by Number Answered

Percent of People with Each Score

Your Score History

You have not taken this quiz since the last reset